000 00469nam a2200181Ia 4500
001 20481
005 20260306172809.0
008 260306t2006||||xx |||||||||||||| ||spa||
041 _aESP
082 _a343.3
_bR91
100 _aRubio Correa, Marcial
_eAUT
245 0 _aEl estado peruano según la jurisprudencia del tribunal constitucional
260 _c2006
300 _a417 páginas :
_c21 cm.
650 _aGEN
654 _aCDE
942 _cLIB
_dJUS
_fJUS
_2ddc
_n
999 _c20481
_d20481